000 00663nam a2200253Ia 4500
003 OSt
005 20220918190402.0
006 a|||||r|||| 00| 0
007 ta
008 220917b |||||||| |||| 00| 0 eng d
024 _a56,531
037 _cTextual
040 _aARTS
_cARTS
_beng
041 _2eng
_aeng
082 _aQ:31, L3
100 _aHawkins D J B
_972271
245 0 _aEssentials of theism
260 _aWest Pool
_bGreenwood
_c1973
300 _av,151p.
_ccm.
500 _aOriginally published in 1950 by Sheed and Ward
650 _aRELIGION
942 _hQ:31, L3
_cTEXL
_2CC
999 _c184791
_d184791